000 00318nam a2200145Ia 4500
100 _aJagannathan/V
942 _cBK
654 _aPower Electronics
245 _aIntroduction to Power electronics
260 _bPrentice Hall
_c2004
082 _a621.317
_bJAG
300 _a298
546 _aENGLISH
999 _c24649
_d24649